[Event "Tourn. n9730"]
[Site "www.chess-mail.com"]
[Date "2018.04.26"]
[Round "1"]
[White "Tartan"]
[Black "Numanoid"]
[WhiteElo "2490"]
[BlackElo "2360"]
[Result "0-1"]
[Round "1"]
1.d4 d5
2.c4 e6
3.cxd5 exd5
4.Nb1c3 c5
5.Ng1f3 Nb8c6
6.Bc1f4 Ng8f6
7.e3 c4
8.Bf1e2 Bf8b4
9.a3 Bb4xc3
10.bxc3 O-O
11.Qd1c2 Nf6e4
12.Be2xc4 dxc4
13.Qc2xe4 Qd8a5
14.Qe4c2 Bc8f5
15.Qc2b2 Bf5d3
16.O-O-O Ra8c8
17.h4 Rf8d8
18.Nf3d2 Qa5a4
19.f3 Rd8d5
 { time }
0-1

[Event "Tourn. n9742"]
[Site "www.chess-mail.com"]
[Date "2018.04.26"]
[Round "1"]
[White "Prize64"]
[Black "Esperanza"]
[WhiteElo "2170"]
[BlackElo "2040"]
[Result "1-0"]
[Round "1"]
1.e4 c5
2.Ng1f3 d6
3.d4 cxd4
4.Nf3xd4 Ng8f6
5.f3 e6
6.c4 Bf8e7
7.Nb1c3 a6
8.Bc1e3 O-O
9.Ra1c1 b6
10.b3 Bc8b7
11.Bf1e2 Nb8d7
12.O-O  { time }
1-0

[Event "Tourn. n9694"]
[Site "www.chess-mail.com"]
[Date "2018.04.26"]
[Round "1"]
[White "Ejner"]
[Black "Sachpat"]
[WhiteElo "2380"]
[BlackElo "2810"]
[Result "0-1"]
[Round "1"]
1.d4 Ng8f6
2.Ng1f3 e6
3.c4 c5
4.Nb1c3 d5
5.cxd5 exd5
6.g3 Nb8c6
7.Bf1g2 c4
8.O-O Bf8b4
9.Bc1g5 Bc8e6
10.e4 dxe4
11.Nc3xe4 Bb4e7
12.Ne4xf6 Be7xf6
13.Bg5xf6 Qd8xf6
14.Nf3e5 O-O
15.Ne5xc6 bxc6
16.Bg2xc6 Ra8b8
17.b3 cxb3
18.axb3 Be6xb3
19.Qd1f3 Qf6xd4
20.Ra1a3 Bb3c4
21.Ra3a4 Rf8c8
22.Rf1c1 Bc4d5
23.Ra4xd4 Bd5xf3
24.Rd4c4 Bf3e2
25.Rc4c2 Be2d3
26.Rc2c3 Bd3f5
27.h4 Kf8
28.Rc3c5 Rb8b1
29.Rc1xb1 Bf5xb1
30.f3 a5
31.Rc5b5 Rc8xc6
32.Rb5xb1 Rc6a6
33.Rb1a1 a4
34.Kf2 Ke7
35.Ke3 a3
36.Ra1a2 Kd6
37.Kd3 Kc5
38.Kc3 Ra6e6
39.Ra2f2 Re6e3
40.Kc2 Kc4
{ resign }
0-1

[Event "Tourn. n9744"]
[Site "www.chess-mail.com"]
[Date "2018.04.26"]
[Round "1"]
[White "Odin"]
[Black "Falcoale"]
[WhiteElo "1850"]
[BlackElo "1870"]
[Result "0-1"]
[Round "1"]
1.e4 c5
2.f4 Nb8c6
3.Bf1c4 e6
4.Ng1f3 Nc6a5
5.Bc4e2 b6
6.Nb1c3 a6
7.d4 Bc8b7
8.d5 exd5
9.exd5 Bb7c8
10.b3 Ng8f6
11.Bc1b2 d6
12.O-O Bf8e7
13.Nf3g5 h6
14.Ng5e4 O-O
15.Ra1b1 b5
16.Ne4xf6 Be7xf6
17.Nc3e4 Bf6xb2
18.Rb1xb2 Rf8e8
19.Be2f3 Bc8f5
20.Rf1e1 Na5b7
21.c4 b4
22.h3 Qd8h4
23.Rb2e2 Re8d8
24.Ne4f2 Qh4f6
25.Bf3g4 Bf5xg4
26.Nf2xg4 Qf6xf4
27.Re2f2 Qf4g5
28.Re1e7 Qg5xe7
29.Qd1f3 Rd8e8
30.Ng4xh6 gxh6
31.Qf3h5 Qe7f8
32.Rf2f3 Re8e5
33.Qh5h4 Ra8e8
34.Qh4g4 Re5g5
35.Qg4h4 Kh7
36.Qh4f2 Re8e7
37.h4 Rg5g4
38.Qf2c2 Kg8
39.Qc2f5 Qf8g7
40.Qf5c8 Kh7
41.Qc8f5 Qg7g6
42.Qf5xg6 Rg4xg6
43.Kf2 Kg7
44.g3 Rg6f6
45.Kg2 Rf6xf3
{ resign }
0-1

[Event "Tourn. n9783"]
[Site "www.chess-mail.com"]
[Date "2018.04.26"]
[Round "1"]
[White "Vasylpuzanov"]
[Black "Hansen"]
[WhiteElo "1370"]
[BlackElo "1480"]
[Result "0-1"]
[Round "1"]
1.e4 e6
2.d4 h6
3.f4 Ng8f6
4.e5 Nf6d5
5.c4 Nd5b4
6.a3 Nb4c6
7.Ng1f3 d5
8.Bc1e3 g5
 { time }
0-1

[Event "Match"]
[Site "www.echecsemail.com"]
[Date "2018.04.26"]
[Round "1"]
[White "Tonino1"]
[Black "Whitekknight"]
[WhiteElo "1950"]
[BlackElo "1910"]
[Result "1-0"]
[Round "1"]
1.d4 d5
2.f4 Ng8f6
3.e3 Nb8c6
4.c3 Nf6e4
5.Bf1d3 Bc8f5
6.Ng1f3 e6
7.O-O Bf8e7
8.Qd1c2 Qd8d6
9.Nf3e5 O-O
10.Nb1d2 Ne4xd2
11.Bc1xd2 Bf5xd3
12.Qc2xd3 f6
13.Ne5xc6 Qd6xc6
14.Rf1f3 f5
15.Ra1c1 a6
16.c4 b6
17.cxd5 Qc6xd5
18.Rc1xc7 Rf8f6
19.Rc7xe7 Rf6g6
20.Rf3g3 Rg6xg3
21.hxg3 Qd5xa2
22.Qd3c3 Qa2d5
23.Qc3c7 { resign }
1-0

[Event "Match"]
[Site "www.echecsemail.com"]
[Date "2018.04.26"]
[Round "1"]
[White "Axphis"]
[Black "Pwain"]
[WhiteElo "1809"]
[BlackElo "2490"]
[Result "0-1"]
[Round "1"]
1.d4 d5
2.Ng1f3 Ng8f6
3.g3 c5
4.dxc5 Nb8c6
5.c3 a5
6.Bc1f4 e6
7.Bf1g2 Bf8xc5
8.e3 O-O
9.Nb1d2 Rf8e8
10.Nf3e5 Nf6d7
11.Ne5xd7 Bc8xd7
12.g4 e5
13.Bf4g3 Bd7e6
14.O-O Qd8d7
15.h3 h5
16.g5 g6
17.h4 Ra8d8
18.Qd1a4 Be6h3
 { time }
0-1

[Event "Match"]
[Site "www.echecsemail.com"]
[Date "2018.04.26"]
[Round "1"]
[White "Orae"]
[Black "Ditto"]
[WhiteElo "1760"]
[BlackElo "1990"]
[Result "0-1"]
[Round "1"]
1.e4 e5
2.Ng1f3 Nb8c6
3.Bf1b5 Bf8c5
4.Bb5xc6 dxc6
5.O-O Bc8g4
6.h3 Bg4h5
7.Nb1c3 Ng8f6
8.d3 Qd8d7
9.Nc3a4 Bc5d6
10.Qd1d2 a5
11.Qd2g5 O-O
12.Nf3h4 b5
13.Na4c3 Qd7e6
14.Nh4f5 Bh5g6
15.f4 b4
16.Nc3e2 Nf6d7
17.Qg5g4 Nd7f6
18.b3 Bd6c5
19.d4 exd4
20.Bc1b2 d3
21.Ne2d4 Qe6xe4
22.Ra1e1 Qe4d5
23.cxd3 Nf6xg4
24.hxg4 Bc5xd4
25.Bb2xd4 Bg6xf5
26.gxf5 Qd5xf5
27.Re1e3 Ra8d8
28.Re3e5 Qf5xd3
29.Bd4c5 Rf8e8
30.Rf1f3 Qd3g6
31.Re5g5 Rd8d1
32.Kh2 Qg6h6
33.Rf3h3 Qh6f6
34.Rh3f3 Re8e1
35.Bc5e3 Re1h1
36.Kg3 Qf6d6
37.Kg4 Qd6e6
38.f5 Qe6e4
39.Kg3 Qe4h4
{ resign }
0-1

[Event "Match"]
[Site "www.echecsemail.com"]
[Date "2018.04.26"]
[Round "1"]
[White "Osvalazo"]
[Black "Ditto"]
[WhiteElo "1810"]
[BlackElo "1990"]
[Result "0-1"]
[Round "1"]
1.e4 e5
2.Ng1f3 Nb8c6
3.Bf1b5 Bf8c5
4.O-O Ng8e7
5.Nb1c3 O-O
6.d3 d6
7.Bb5xc6 Ne7xc6
8.Bc1g5 Qd8e8
9.Nc3b5 Bc5b6
10.Bg5e3 Bb6xe3
11.Nb5xc7 Qe8e7
12.Nc7xa8 Be3c5
13.a3 Bc8g4
14.h3 Bg4e6
15.c4 Rf8xa8
16.Qd1d2 Qe7f6
17.b4 Bc5b6
18.Rf1c1 Qf6g6
19.Nf3h4 Qg6f6
20.Nh4f3 Bb6d4
21.Ra1b1 a6
22.b5 axb5
23.Rb1xb5 b6
24.Nf3xd4 Nc6xd4
25.Rb5xb6 Be6c8
26.Rc1a1 h6
27.c5 Qf6g6
28.Qd2b2 Nd4f3
29.Kh1 Nf3h4
30.f3 Qg6g5
31.Rb6xd6 Bc8a6
32.Ra1g1 Ba6xd3
33.Rd6xd3 Nh4g6
34.Rd3d7 Ng6f4
35.Qb2a2 Nf4h5
36.Qa2xf7 Kh8
37.g4 Nh5f6
38.Rd7e7 Ra8xa3
39.Qf7f8 Kh7
40.c6 { time. }
0-1

[Event "Match"]
[Site "www.echecsemail.com"]
[Date "2018.04.26"]
[Round "1"]
[White "Eeze"]
[Black "Reda"]
[WhiteElo "1719"]
[BlackElo "1780"]
[Result "1-0"]
[Round "1"]
1.e4 e5
2.Ng1f3 Nb8c6
3.c3 Ng8f6
4.d3 Bf8c5
5.b4 Bc5b6
6.b5 Nc6e7
7.Nf3xe5 d6
8.Ne5f3 O-O
9.h3 a6
10.bxa6 Ra8xa6
11.Bc1g5 Ne7g6
12.d4 h6
13.Bg5xf6 Qd8xf6
14.Bf1xa6 bxa6
15.O-O Rf8e8
16.Nb1d2 a5
17.Qd1a4 Ng6f4
18.Qa4xe8 { resign }
1-0

[Event "Match"]
[Site "www.echecsemail.com"]
[Date "2018.04.26"]
[Round "1"]
[White "Pinehill"]
[Black "Darknight"]
[WhiteElo "2040"]
[BlackElo "1840"]
[Result "1-0"]
[Round "1"]
1.e4 e5
2.d4 exd4
3.c3 dxc3
4.Bf1c4 Bf8b4
5.bxc3 Qd8f6
6.Bc1d2 Bb4c5
7.Ng1f3 h6
8.O-O d6
9.e5 Qf6g6
10.exd6 Bc5xd6
11.Rf1e1 Ng8e7
12.Qd1e2 Bc8h3
13.Nf3h4 Qg6f6
14.Qe2e4 Bh3c8
15.a4 Nb8c6
16.Nh4f5 Bc8xf5
17.Qe4d5 O-O-O
18.Qd5xf7 Qf6g6
19.Nb1a3 a6
20.Re1xe7 Bd6xe7
21.Bd2f4 Nc6a5
22.Qf7xe7 Rd8d7
23.Qe7e5 Bf5h3
24.Bf4g3 Bh3f5
25.Qe5xa5 Rh8d8
26.Bc4d5 Bf5e4
27.c4 c6
28.Na3b5 cxb5
29.axb5 Be4xd5
30.cxd5 Rd7xd5
31.Qa5c7 
1-0

[Event "Tourn. n9751"]
[Site "www.chess-mail.com"]
[Date "2018.04.27"]
[Round "1"]
[White "Jazzy"]
[Black "Sbb"]
[WhiteElo "2290"]
[BlackElo "2640"]
[Result "0-1"]
[Round "1"]
1.e4 e6
2.Nb1c3 d5
3.d3 d4
4.Nc3e2 c5
5.f4 Ng8f6
6.Ne2g3 e5
7.fxe5 Nf6g4
8.Ng1f3 Nb8c6
9.Bf1e2 Ng4xe5
10.O-O g6
11.Bc1f4 Bf8g7
12.Qd1d2 O-O
13.Bf4h6 f6
14.Bh6xg7 Kxg7
15.b3 Ne5g4
16.a3 Qd8d6
17.Rf1e1 Bc8e6
18.Ng3f1 a5
19.a4 Ra8e8
20.h3 Ng4h6
21.Nf1h2 Nh6f7
22.Re1f1 Nc6b4
23.Rf1f2 b6
24.Be2f1 Qd6g3
25.Kh1 h5
26.Nf3e1 Nf7e5
27.Qd2f4 h4
28.Nh2g4 Be6xg4
29.hxg4 g5
30.Qf4xg3 hxg3
31.Rf2d2 Rf8h8
32.Kg1 Rh8h7
{ resign }
0-1

[Event "Tourn. n9778"]
[Site "www.chess-mail.com"]
[Date "2018.04.27"]
[Round "1"]
[White "Falcoale"]
[Black "Ermejo69"]
[WhiteElo "1860"]
[BlackElo "1689"]
[Result "0-1"]
[Round "1"]
1.e4 e6
2.d4 d5
3.e5 c5
4.Bc1e3 cxd4
5.Be3xd4 Nb8c6
6.c3 Ng8e7
7.Ng1f3 Ne7f5
8.Bd4e3 Nf5xe3
9.fxe3 Qd8c7
10.Bf1b5 Bc8d7
11.O-O Nc6xe5
12.Bb5xd7 Ne5xd7
13.Nf3g5 Nd7f6
14.Nb1d2 Bf8c5
15.Rf1e1 O-O
16.Nd2b3 Bc5d6
17.Ng5f3 Nf6g4
18.Nb3d4 Bd6xh2
19.Kf1 Bh2g3
20.Re1e2 a6
21.Ra1c1 Ra8d8
22.b3 Qc7e7
23.Qd1d2 f5
24.Rc1d1 e5
25.Nd4c2 e4
26.Nf3d4 Qe7h4
27.Re2f2 Ng4xf2
{ resign }
0-1

[Event "Tourn. n9782"]
[Site "www.chess-mail.com"]
[Date "2018.04.27"]
[Round "1"]
[White "Reda"]
[Black "Julian"]
[WhiteElo "1750"]
[BlackElo "1870"]
[Result "1-0"]
[Round "1"]
1.d4 d5
2.Bc1f4 e6
3.Nb1c3 Bf8d6
4.Bf4xd6 cxd6
5.Ng1f3 f5
6.e3 Ng8f6
7.Bf1d3 Nb8c6
8.O-O O-O
9.a3 Qd8e7
10.Rf1e1 e5
11.dxe5 dxe5
12.Bd3b5 Bc8e6
13.Bb5xc6 bxc6
14.Nf3xe5 Qe7d6
15.f4 Nf6e4
16.Nc3xe4 fxe4
17.g3 c5
18.c4 d4
19.exd4 cxd4
20.Re1xe4 d3
21.Qd1xd3 Qd6xd3
22.Ne5xd3 Be6f5
23.Re4e3 Rf8d8
24.Nd3b4 a5
25.Nb4c6 Rd8d2
26.Nc6e7 { resign }
1-0

[Event "Tourn. n9788"]
[Site "www.chess-mail.com"]
[Date "2018.04.27"]
[Round "1"]
[White "Hundegana"]
[Black "Griffo30"]
[WhiteElo "2040"]
[BlackElo "2230"]
[Result "0-1"]
[Round "1"]
1.c4 Ng8f6
2.Ng1f3 g6
3.b4 Bf8g7
4.Bc1b2 O-O
5.d4 d6
6.d5 c6
7.Nb1a3 cxd5
8.cxd5 Nb8a6
9.Bb2c3 Bc8f5
10.Ra1c1 Ra8c8
11.h3 Nf6e4
12.Bc3xg7 Qd8b6
13.e3 Qb6xb4
14.Nf3d2 Ne4xd2
15.Rc1xc8 Rf8xc8
16.Qd1xd2 Qb4xa3
17.Bg7b2 Qa3xa2
18.Bf1e2 Rc8c2
19.Qd2d4 Rc2xb2
20.Be2d1 Rb2xf2
21.e4 Na6c5
22.Qd4xf2 Nc5d3
23.Kf1 Qa2xf2
{ resign }
0-1

[Event "Tourn. n9736"]
[Site "www.chess-mail.com"]
[Date "2018.04.27"]
[Round "1"]
[White "Julian"]
[Black "Falcoale"]
[WhiteElo "1830"]
[BlackElo "1950"]
[Result "0-1"]
[Round "1"]
1.e4 c5
2.Ng1f3 Nb8c6
3.d4 cxd4
4.Nf3xd4 a6
5.c4 e5
6.Nd4f3 Bf8c5
7.Nb1c3 Nc6d4
8.Nf3xd4 Bc5xd4
9.Bc1e3 Bd4xc3
10.bxc3 Ng8f6
11.f3 O-O
12.Bf1e2 Nf6h5
13.O-O Nh5f4
14.c5 Nf4xe2
15.Qd1xe2 Qd8a5
16.a4 Qa5xc3
17.Rf1c1 Qc3a5
18.Rc1d1 Qa5d8
19.Rd1d6 f5
20.exf5 Rf8xf5
21.Ra1d1 Qd8a5
22.Qe2c4 Kf8
23.Qc4e4 Rf5f7
24.Qe4xe5 Qa5xa4
25.Rd1e1 Rf7e7
26.Qe5f5 Kg8
27.Be3f2 Re7xe1
28.Bf2xe1 Qa4a1
29.Qf5d5 Kh8
30.Qd5e4 h6
31.Kf2 Qa1c1
32.Be1d2 Qc1xc5
33.Rd6d4 d6
34.Bd2e3 Bc8d7
35.Qe4xb7 Bd7c6
36.Qb7f7 Qc5c2
37.Kg3 Bc6e8
38.Qf7b7 Be8c6
39.Qb7f7 d5
40.Rd4h4 Qc2h7
41.Rh4g4 Ra8e8
42.Be3d4 Re8g8
43.Rg4g6 Bc6e8
44.Qf7xd5 Qh7xg6
45.Kf2 Be8f7
46.Qd5b7 Qg6c2
47.Ke3 Rg8e8
48.Kf4 Qc2d2
{ resign }
0-1

[Event "Tourn. n9758"]
[Site "www.chess-mail.com"]
[Date "2018.04.27"]
[Round "1"]
[White "Esperanza"]
[Black "Andychesston"]
[WhiteElo "2040"]
[BlackElo "2000"]
[Result "0-1"]
[Round "1"]
1.d4 d5
2.c4 Ng8f6
3.cxd5 Bc8f5
4.Nb1c3 Nb8d7
5.f3 h5
6.e4 Bf5h7
7.Bf1b5 a6
8.Bb5d3 e5
9.dxe6 fxe6
 { time }
0-1

[Event "Tourn. n9729"]
[Site "www.chess-mail.com"]
[Date "2018.04.27"]
[Round "1"]
[White "Picifarkinca"]
[Black "Cal"]
[WhiteElo "1680"]
[BlackElo "1490"]
[Result "1-0"]
[Round "1"]
1.e4 e5
2.Ng1f3 d6
3.d4 exd4
4.Nf3xd4 h6
5.Nb1c3 Ng8f6
6.Bf1d3 a6
7.O-O Bc8g4
8.f3 Bg4h5
9.Nd4f5 Nb8c6
10.Bc1e3 Bf8e7
11.Nf5xg7 Kf8
12.Ng7xh5 Nf6xh5
13.f4 Nh5g7
14.a3 Be7f6
15.Qd1d2 Ng7e6
16.Qd2f2 Bf6xc3
17.bxc3 Rh8g8
18.e5 dxe5
19.fxe5 Nc6xe5
20.Be3xh6 Ne6g7
21.Qf2c5 Qd8d6
22.Qc5xd6 cxd6
23.c4 Ne5xd3
24.cxd3 b6
25.Ra1b1 Ra8b8
26.Rf1f6 Ke7
27.Rb1f1 Ng7h5
28.Rf6xf7 Ke6
29.Rf7f5 Nh5g7
30.Rf5f6 Kd7
31.Rf6f7 Kc6
32.Rf7xg7 Rg8xg7
33.Bh6xg7 a5
34.Rf1b1 Rb8g8
35.Bg7d4 b5
36.Rb1xb5 Rg8g4
37.Bd4f2 a4
38.Rb5a5 Kd7
39.Ra5xa4 Ke6
40.Ra4a8 Rg4g5
41.a4 Kd7
42.a5 Kc7
43.Bf2b6 Kb7
44.Ra8d8 Rg5g6
45.Rd8d7 Ka6
46.Rd7a7 { resign }
1-0

[Event "Tourn. n9780"]
[Site "www.chess-mail.com"]
[Date "2018.04.27"]
[Round "1"]
[White "Picifarkinca"]
[Black "Malbertan"]
[WhiteElo "1910"]
[BlackElo "2020"]
[Result "1-0"]
[Round "1"]
1.d4 Ng8f6
2.c4 c5
3.Ng1f3 e6
4.Nb1c3 Nb8c6
5.d5 exd5
6.cxd5 Nc6b4
7.a3 Nb4a6
8.e4 b6
9.Qd1a4 Na6c7
10.Bc1g5 Bf8e7
11.O-O-O h6
12.Bg5h4 Nf6xd5
13.exd5 b5
14.Qa4e4 Bc8b7
15.Bf1xb5 Nc7xb5
16.Nc3xb5 { resign }
1-0

[Event "Match"]
[Site "www.echecsemail.com"]
[Date "2018.04.27"]
[Round "1"]
[White "Irene"]
[Black "Azocarwagner"]
[WhiteElo "2030"]
[BlackElo "1860"]
[Result "0-1"]
[Round "1"]
1.d4 Ng8f6
2.Nb1c3 e6
3.e4 Bf8b4
4.Bc1d2 Bb4xc3
5.Bd2xc3 Nf6xe4
6.Qd1g4 Ne4xc3
7.Qg4xg7 Ke7
8.Qg7g5 f6
9.Qg5g7 Kd6
10.Qg7g3 Ke7
11.Qg3g7 Kd6
12.bxc3 b6
13.Bf1d3 f5
14.Bd3xf5 exf5
15.Qg7e5 Kc6
16.Qe5xf5 d5
17.Qf5f3 Rh8g8
18.Qf3h5 Rg8xg2
19.Qh5xh7 Qd8e8
20.Kf1 Rg2g8
21.Ng1f3 Bc8a6
22.c4 Ba6xc4
23.Qh7d3 Bc4xd3
24.cxd3 Qe8g6
25.Nf3e5 Kd6
26.Ne5xg6 Rg8xg6
27.f3 Nb8c6
28.Ra1b1 Nc6xd4
29.Kf2 Ra8f8
30.Ke3 Nd4xf3
31.Rb1b3 Rg6e6
32.Kf2 Nf3d4
33.Kg3 Re6g6
34.Kh4 Rf8h8
{ resign }
0-1

[Event "Match"]
[Site "www.echecsemail.com"]
[Date "2018.04.27"]
[Round "1"]
[White "Tonino1"]
[Black "Fangshuo"]
[WhiteElo "1950"]
[BlackElo "2110"]
[Result "1-0"]
[Round "1"]
1.d4 d5
2.f4 Ng8f6
3.e3 Bc8f5
4.Bf1d3 Nf6e4
5.Ng1f3 e6
6.O-O a6
7.Qd1e2 Nb8d7
8.Nb1d2 c5
9.c3 c4
10.Bd3b1 Bf8e7
11.Nf3e5 Nd7f6
12.Nd2xe4 Nf6xe4
13.g4 Bf5xg4
14.Qe2xg4 O-O
15.Bb1xe4 dxe4
16.Ne5xc4 f5
17.Qg4e2 Rf8f6
18.Nc4e5 Rf6h6
19.Bc1d2 Be7h4
20.Qe2c4 Qd8f6
21.Bd2e1 Bh4xe1
22.Ra1xe1 Qf6h4
23.Re1e2 Ra8f8
24.d5 Qh4e7
25.dxe6 b5
26.Qc4b3 Rh6xe6
27.Ne5c6 Qe7e8
28.Nc6d4 { resign }
1-0

[Event "Match"]
[Site "www.echecsemail.com"]
[Date "2018.04.27"]
[Round "1"]
[White "Ericleo1980"]
[Black "Krystek23"]
[WhiteElo "2240"]
[BlackElo "2490"]
[Result "0-1"]
[Round "1"]
1.e4 c5
2.Ng1f3 e6
3.d4 cxd4
4.Nf3xd4 Nb8c6
5.Nb1c3 Qd8c7
6.Nd4b5 Qc7b8
7.Bc1e3 a6
8.Nb5d4 Ng8f6
9.Qd1d2 Bf8e7
10.f3 O-O
11.Bf1c4 Nc6e5
12.Bc4b3 b5
13.O-O Bc8b7
14.Nd4e2 b4
15.Nc3a4 d5
16.exd5 Nf6xd5
17.Bb3xd5 Bb7xd5
18.b3 Bd5c6
19.Na4b2 Rf8d8
20.Qd2e1 Be7f6
21.Ra1b1 a5
22.Qe1f2 Qb8c8
23.Ne2d4 Bc6d5
24.Rf1d1 Qc8c7
25.Nb2d3 Ne5xd3
26.Rd1xd3 Ra8c8
27.Rb1c1 Bd5b7
28.Nd4b5 Qc7b8
29.Rd3xd8 Rc8xd8
30.c4 Bb7c6
31.Nb5d4 Bc6e8
32.Nd4e2 a4
33.Be3c5 axb3
34.axb3 Rd8d3
35.Rc1b1 Qb8d8
36.Bc5xb4 Rd3d1
37.Rb1xd1 Qd8xd1
38.Qf2e1 Qd1xb3
39.c5 Be8b5
40.Ne2g3 Bf6d4
41.Kh1 h6
42.Ng3e4 Bb5c6
43.Ne4d6 Qb3xf3
44.Qe1g3 Qf3f1
{ resign }
0-1

[Event "Match"]
[Site "www.echecsemail.com"]
[Date "2018.04.27"]
[Round "1"]
[White "Fegatux"]
[Black "Ericleo1980"]
[WhiteElo "1499"]
[BlackElo "2170"]
[Result "1-0"]
[Round "1"]
1.d4 d5
2.c4 c6
3.g3 Bc8f5
4.Bf1g2 Ng8f6
5.Ng1f3 Qd8c8
6.O-O Bf5h3
7.Nb1c3 Bh3xg2
8.Kxg2 e6
9.cxd5 exd5
10.Rf1e1 Bf8e7
11.e4 dxe4
12.Nc3xe4 O-O
13.Bc1g5 Nb8d7
14.Qd1b3 b6
15.Ra1c1 h6
16.Bg5xf6 Be7xf6
17.Ne4xf6 Nd7xf6
18.Nf3e5 Qc8b7
19.Rc1xc6 Rf8e8
20.Qb3f3 Qb7a6
21.Qf3b3 Qa6b7
22.Qb3f3 Ra8b8
23.Re1c1 Re8f8
24.d5 Rb8e8
25.Ne5g4 Nf6xg4
26.Qf3xg4 Kh7
27.Qg4f5 Kg8
28.Rc1c2 Qb7e7
{ time. }
1-0

[Event "Match"]
[Site "www.echecsemail.com"]
[Date "2018.04.27"]
[Round "1"]
[White "Paco"]
[Black "Jovaras"]
[WhiteElo "2050"]
[BlackElo "2099"]
[Result "0-1"]
[Round "1"]
1.e4 c5
2.Bf1c4 e6
3.Ng1f3 Nb8c6
4.d3 Ng8f6
5.e5 d5
6.Bc4b5 Nf6d7
7.Bc1f4 Bf8e7
8.O-O O-O
9.Qd1d2 a6
10.Bb5xc6 bxc6
11.c4 Nd7b6
12.Nb1c3 dxc4
13.dxc4 Nb6xc4
14.Qd2e2 Nc4b6
15.Ra1d1 Qd8c7
16.h4 Nb6d5
17.Bf4g3 Nd5xc3
18.bxc3 a5
19.Qe2c2 Bc8a6
20.Rf1e1 Rf8d8
21.Nf3g5 Be7xg5
22.hxg5 Rd8d5
23.g6 hxg6
24.c4 Rd5d4
25.Rd1xd4 cxd4
26.Re1e4 c5
27.Re4h4 Qc7b6
28.a4 Qb6b4
29.Qc2e4 Ra8d8
30.Qe4c6 Qb4xc4
31.Kh2 Ba6c8
32.Qc6c7 Qc4d5
33.Qc7xa5 d3
34.Qa5d2 c4
35.a5 c3
36.Qd2xc3 d2
37.a6 Bc8xa6
38.Rh4a4 Ba6b7
39.f3 d1Q
40.Bg3h4 Rd8c8
41.Qc3a3 Qd5xe5
42.f4 Qe5d5
{ resign }
0-1

[Event "Match"]
[Site "www.echecsemail.com"]
[Date "2018.04.27"]
[Round "1"]
[White "Tonino1"]
[Black "Llord"]
[WhiteElo "1950"]
[BlackElo "1940"]
[Result "1-0"]
[Round "1"]
1.d4 d5
2.f4 Bc8f5
3.e3 Nb8c6
4.c3 Ng8f6
5.Bf1d3 Nf6e4
6.Ng1f3 e6
7.O-O Bf5g4
8.Nb1d2 Ne4xd2
9.Bc1xd2 Bf8d6
10.Qd1c2 Bg4xf3
11.Rf1xf3 O-O
12.Bd3xh7 { resign }
1-0

[Event "Fast Game"]
[Site "www.echecsemail.com"]
[Date "2018.04.27"]
[Round "1"]
[White "Euwe1983"]
[Black "Coolant"]
[WhiteElo "1599"]
[BlackElo "1799"]
[Result "0-1"]
[Round "1"]
1.e4 d5
2.exd5 Qd8xd5
3.Nb1c3 Qd5a5
4.Qd1f3 Ng8f6
5.Bf1c4 c6
6.Nc3e4 Nb8d7
7.Ne4d6 exd6
8.Qf3e3 Qa5e5
9.Bc4xf7 Kxf7
10.f4 Qe5xe3
11.dxe3 d5
12.Ng1e2 Bf8c5
13.b4 Bc5xb4
14.Kd1 Nf6g4
15.Bc1b2 Ng4xe3
16.Kc1 Nd7f6
17.g4 Nf6xg4
18.Rh1g1 Bb4c5
19.h3 Ng4f6
20.Rg1g5 Bc8f5
21.Ne2g3 g6
22.Bb2e5 Rh8e8
23.Be5xf6 Kxf6
24.Kb2 h6
25.h4 hxg5
26.hxg5 Kg7
27.Ra1h1 Ne3c4
28.Ka1 Bc5d4
 { time }
0-1

[Event "Tourn. n9786"]
[Site "www.chess-mail.com"]
[Date "2018.04.28"]
[Round "1"]
[White "Drawlward"]
[Black "Conde7"]
[WhiteElo "2550"]
[BlackElo "2860"]
[Result "1/2-1/2"]
[Round "1"]
1.e4 c5
2.Ng1f3 d6
3.d4 cxd4
4.Nf3xd4 Ng8f6
5.Nb1c3 a6
6.Bc1g5 e6
7.f4 Qd8b6
8.Qd1d2 Qb6xb2
9.Ra1b1 Qb2a3
10.e5 h6
11.Bg5h4 dxe5
12.fxe5 Nf6d7
13.Nc3e4 Qa3xa2
14.Rb1d1 Qa2d5
15.Qd2e3 Qd5xe5
16.Bf1e2 Bf8c5
17.Bh4g3 Bc5xd4
18.Rd1xd4 Qe5a5
19.Rd4d2 O-O
20.Bg3d6 Rf8d8
21.Qe3g3 Nb8c6
22.Bd6c7 Qa5a1
23.Rd2d1 Qa1b2
24.c3 Rd8f8
25.Bc7d6 Qb2b6
26.Rh1f1 f5
27.Bd6xf8 Nd7xf8
28.Ne4f6 Kf7
29.Nf6e8 g6
30.Ne8d6 Kg8
31.Nd6c4 Qb6c5
32.Qg3c7 b5
33.Rd1d6 bxc4
34.Rd6xc6 Qc5e3
35.Rc6xc4 Bc8d7
36.Qc7c5 Qe3xc5
37.Rc4xc5 a5
38.Kd2 Kf7
39.Rf1b1 a4
40.Be2f3 Ra8a6
41.Rb1b8 g5
42.Rc5c7 Ke7
43.Kc2 Kd6
44.Rc7b7 { draw }
1/2-1/2

[Event "Tourn. n9756"]
[Site "www.chess-mail.com"]
[Date "2018.04.28"]
[Round "1"]
[White "Esperanza"]
[Black "Odin"]
[WhiteElo "2040"]
[BlackElo "1820"]
[Result "0-1"]
[Round "1"]
1.d4 f5
2.e4 fxe4
3.Nb1c3 d5
4.Qd1h5 g6
5.Qh5xd5 Nb8c6
6.Qd5xd8 Nc6xd8
7.Nc3xe4 Bc8f5
8.Bf1d3 Nd8c6
9.c3 Bf8h6
10.Ng1f3 O-O-O
11.O-O Bf5g4
12.Bc1xh6 Ng8xh6
13.Nf3g5 Bg4f5
 { time }
0-1

[Event "Tourn. n9785"]
[Site "www.chess-mail.com"]
[Date "2018.04.28"]
[Round "1"]
[White "Bevittsmith"]
[Black "Coolant"]
[WhiteElo "2180"]
[BlackElo "2270"]
[Result "0-1"]
[Round "1"]
1.e4 Nb8c6
2.d4 d5
3.exd5 Qd8xd5
4.Ng1f3 Bc8g4
5.Bf1e2 e6
6.O-O O-O-O
7.c4 Qd5d7
8.Bc1e3 Bg4xf3
9.Be2xf3 Nc6xd4
10.Be3xd4 Qd7xd4
11.Qd1a4 Qd4xb2
12.Nb1c3 Qb2xc3
13.Bf3xb7 Kxb7
14.Ra1b1 Kc8
15.Rb1b3 Qc3d4
{ resign }
0-1

[Event "Tourn. n9781"]
[Site "www.chess-mail.com"]
[Date "2018.04.28"]
[Round "1"]
[White "Ejner"]
[Black "Urbe69"]
[WhiteElo "2430"]
[BlackElo "2230"]
[Result "1/2-1/2"]
[Round "1"]
1.d4 e6
2.c4 d5
3.e3 Ng8f6
4.Ng1f3 Bf8e7
5.Nb1c3 O-O
6.Bf1d3 dxc4
7.Bd3xc4 c5
8.O-O a6
9.dxc5 Be7xc5
10.Qd1e2 b5
11.Bc4d3 Bc8b7
12.e4 Nb8d7
13.Bc1f4 Nf6h5
14.Bf4e3 { draw }
1/2-1/2

[Event "Tourn. n9711"]
[Site "www.chess-mail.com"]
[Date "2018.04.28"]
[Round "1"]
[White "Szustan"]
[Black "Conde7"]
[WhiteElo "2600"]
[BlackElo "2880"]
[Result "1/2-1/2"]
[Round "1"]
1.e4 c5
2.c3 d5
3.exd5 Qd8xd5
4.d4 Ng8f6
5.Ng1f3 Nb8c6
6.Bf1e2 cxd4
7.cxd4 e6
8.Nb1c3 Qd5d6
9.O-O Bf8e7
10.Nc3b5 Qd6d8
11.Bc1f4 Nf6d5
12.Bf4g3 O-O
13.a3 a6
14.Nb5c3 b5
15.Nc3xd5 Qd8xd5
16.Rf1e1 Bc8b7
17.h3 Be7d6
18.Bg3xd6 Qd5xd6
19.Be2d3 Nc6e7
20.Nf3g5 Ne7f5
21.Ra1c1 Ra8d8
22.Bd3xf5 exf5
23.Qd1h5 h6
24.Ng5f3 Bb7xf3
25.Qh5xf3 Qd6xd4
26.Rc1c6 Qd4xb2
27.Rc6xa6 g6
28.Qf3e3 Kg7
29.Qe3c1 Qb2xc1
30.Re1xc1 Rd8d5
31.g3 f4
32.g4 h5
33.Rc1b1 hxg4
34.hxg4 Rd5g5
35.f3 Rg5c5
36.a4 bxa4
37.Ra6xa4 g5
38.Ra4b4 Rc5c8
39.Rb4b5 Kg6
{ draw }
1/2-1/2

[Event "Tourn. n9805"]
[Site "www.echecsemail.com"]
[Date "2018.04.28"]
[Round "1"]
[White "Orhany24"]
[Black "Piekki"]
[WhiteElo "2120"]
[BlackElo "2170"]
[Result "1-0"]
[Round "1"]
1.e4 e5
2.Ng1f3 Ng8f6
3.Bf1c4 Nb8c6
4.O-O Bf8c5
5.c3 O-O
6.d4 exd4
7.cxd4 Bc5b6
8.e5 Nf6e4
9.d5 Nc6a5
10.Bc4d3 { resign }
1-0

[Event "Match"]
[Site "www.echecsemail.com"]
[Date "2018.04.28"]
[Round "1"]
[White "Pablincho"]
[Black "Guillaumefi"]
[WhiteElo "1780"]
[BlackElo "1589"]
[Result "1-0"]
[Round "1"]
1.e4 c6
2.Nb1c3 e5
3.Ng1f3 d6
4.Bf1c4 h6
5.d4 exd4
6.Nf3xd4 Nb8d7
7.O-O Nd7e5
8.Bc4e2 Ng8f6
9.h3 a6
10.Bc1e3 Bf8e7
11.f4 c5
12.fxe5 cxd4
13.exf6 Be7xf6
14.Be3xd4 O-O
15.Bd4xf6 { resign }
1-0

[Event "Match"]
[Site "www.echecsemail.com"]
[Date "2018.04.28"]
[Round "1"]
[White "Coraza"]
[Black "Ditto"]
[WhiteElo "1770"]
[BlackElo "1990"]
[Result "1-0"]
[Round "1"]
1.e4 e5
2.Ng1f3 Nb8c6
3.Bf1b5 Bf8c5
4.Bb5xc6 dxc6
5.Nf3xe5 Ng8f6
6.O-O Bc8e6
7.Nb1c3 Bc5d4
8.Ne5f3 Bd4c5
9.e5 Nf6d5
10.Nc3a4 Bc5e7
11.c4 Nd5f4
12.d3 O-O
13.Bc1xf4 Qd8d7
14.Qd1c2 Be6f5
15.Ra1d1 Qd7e6
16.Nf3d4 Qe6c8
17.Na4c3 Bf5g6
18.Rf1e1 Be7c5
19.Nd4f3 Qc8e6
20.Nf3g5 Qe6f5
21.Re1e4 Qf5g4
22.Bf4e3 Bc5xe3
23.Re4xg4 Be3c5
24.Qc2b3 Ra8b8
25.Nc3a4 Bc5e7
26.c5 Bg6f5
27.Rg4f4 Bf5g6
28.Ng5h3 Bg6h5
29.g4 Bh5g6
30.d4 Rb8d8
31.Qb3xb7 Bg6c2
32.Rd1c1 Bc2xa4
33.Qb7xc7 Rf8e8
34.Qc7xa7 Ba4b5
35.Qa7a3 Rd8a8
36.Qa3b3 Be7d8
37.Rf4xf7 Kh8
38.Qb3f3 Bd8e7
39.Nh3f4 Be7g5
40.Nf4h5 Bg5xc1
41.Rf7xg7 Re8f8
42.Qf3e4 { resign }
1-0

[Event "Match"]
[Site "www.echecsemail.com"]
[Date "2018.04.28"]
[Round "1"]
[White "Fangshuo"]
[Black "Euwe1983"]
[WhiteElo "2110"]
[BlackElo "1529"]
[Result "1-0"]
[Round "1"]
1.e4 c6
2.Ng1f3 d5
3.e5 Bc8f5
4.d4 Qd8a5
5.Bc1d2 Qa5b6
6.b3 a5
7.c4 dxc4
8.Bf1xc4 e6
9.O-O c5
10.d5 Bf5e4
11.Nb1c3 a4
12.Nc3xe4 axb3
13.Bc4xb3 { resign }
1-0